| 000 | 01100 am a2200337 a 4500 | ||
|---|---|---|---|
| 001 | 200459448 | ||
| 003 | TR-AnTOB | ||
| 005 | 20250716121602.0 | ||
| 007 | ta | ||
| 008 | 231128s2023 tu 000 0 tur d | ||
| 020 | _a9789750286889 | ||
| 040 |
_aIU _beng _erda _cIU _dTR-AnTOB |
||
| 041 | 0 | _atur | |
| 050 |
_aKKX3800 _b.H35 2023 |
||
| 090 |
_aKKX3800 _b.H35 2023 |
||
| 100 | 1 |
_aHakeri, Hakan, _eauthor _d1966- _976340 |
|
| 245 | 1 | 0 |
_aCeza hukuku genel hükümler pratik çalışmaları / _cHakan Hakeri, Berrin Akbulut, Murat Aksan. |
| 250 | _aGözden geçirilmiş ve genişletilmiş 15. baskı | ||
| 264 | 1 |
_aAnkara : _bSeçkin, _c2023. |
|
| 300 |
_a543 pages ; _c24 cm. |
||
| 336 |
_atext _btxt _2rdacontent |
||
| 337 |
_aunmediated _bn _2rdamedia |
||
| 338 |
_avolume _bnc _2rdacarrier |
||
| 490 | 1 |
_aSeçkin Yayınları ; _v1544. |
|
| 650 | 0 | 0 |
_aCeza hukuku _xÇalışma ve öğretim _9121625 |
| 650 | 0 | 7 |
_aCeza hukuku _2etuturkob _zTürkiye _948989 |
| 700 | 1 |
_aAkbulut, Berrin _eauthor _9121070 |
|
| 700 | 1 |
_aAksan, Murat _eauthor _9123313 |
|
| 942 |
_2lcc _cBK |
||
| 999 |
_c200459448 _d77660 |
||